000 00332nam a2200133Ia 4500
008 240624s9999 xx 000 0 und d
041 _aeng
082 _a332.1 BER
100 _aBERGER ALLEN N
245 _aOXFORD HANDBOOK OF BANKING
260 _c2010
_aNew York
_bOxford University Press
300 _a994 : p.
365 _cRS
_b27
999 _c15454
_d15454